000 03612nab a2200325 i 4500
003 BR-BrBNA
005 20241107113904.0
008 241107b2018 bl.mr|pooa||| 00| 0 eng |
040 _aBR-BrBNA
_beng
072 _aF03
_b1240
100 _aPoletto, Tales
100 _aMuniz, Marlove Fátima Brião
100 _aPoletto, Igor
100 _aStefenon, Valdir Marcos
100 _aMaciel, Caciara Gonzatto
100 _aRabusque, Jéssica Emilia
245 _aDormancy overcome and seedling quality of pecan in nursery
500 _aPublicação on-line; 22 ref.; 3 tables; Sumaries (En, Pt)
520 _a ABSTRACT - This study evaluated the efficiency of methods to overcome seed dormancy in different storage periods in the production of pecan seedlings. Seeds were submitted to the following treatments: T1 , T4 and T7 - control treatments (seeds with no treatment, stored at room temperature for 30, 60 and 90 days, respectively), T2 , T5 and T8 - stratification (seeds were distributed in boxes with wet sand maintained at a temperature of 4°C for 30, 60 and 90 days, respectively), T3 , T6 and T9 - scarification + stratification (seeds scarified with sandpaper n.80 and stratified by 30, 60 and 90 days, respectively), in completely random experimental design. Plant height, stem diameter, number of leaves, full emergence and emergence speed index (ESI) were evaluated after 14 weeks of sowing. The best development of pecan ‘plants, their emergence, and ESI were observed in the stratification treatment for 90 day as well as in the scarification + stratification treatment for 90 day. Storing seeds in uncontrolled environment reduced their viability. Key words: scarification, stratification, emergence, Carya illinoinensis.
520 _a RESUMO - Neste trabalho, objetivou-se avaliar a eficiência dos métodos de superação de dormência de sementes, em diferentes períodos de armazenamento, na produção de mudas de nogueirapecã. As sementes foram submetidas aos seguintes tratamentos: T1 , T4 e T7 - testemunhas (sementes sem qualquer método de tratamento, armazenadas em ambiente não controlado por 30, 60 e 90 dias, espectivamente), T2 , T5 e T8 - estratificação (sementes distribuídas em caixas com areia úmida e mantidas em temperatura de 4°C por 30, 60 e 90 dias, respectivamente), T3 , T6 e T9 - escarificação + estratificação (sementes escarificadas com lixa n.80 e estratificadas também por 30, 60 e 90 dias, respectivamente), em delineamento experimental inteiramente ao acaso. Avaliou-se, após 14 semanas da semeadura, altura das plantas, diâmetro do colo, número de folhas, emergência total e índice de velocidade de emergência (IVE). O melhor desenvolvimento das plantas de nogueira-pecã, bem como sua emergência e IVE foi observado no tratamento com estratificação por 90 dias e quando combinado escarificação e estratificação por 90 dias. O armazenamento das sementes em ambiente não controlado reduz sua viabilidade. Palavras-chave: escarificação, estratificação, emergência, Carya illinoinensis.
650 _aVIVEIRO
650 _aTRATAMENTO DE SEMENTE
650 _aNOZ PECÃ
650 _aESCARIFICAÇÃO
650 _aEMERGÊNCIA
773 0 _02408
_9314933
_dSanta Maria-RS Universidade Federal de Santa Maria - Centro de Ciências Rurais 1991
_o2024-1184
_tCiência Rural (Brazil)
_x0103-8478
_gv. 46(11) p. 1980-1985; (2016)
_wBR2024001824
856 _uhttps://www.scielo.br/j/cr/a/nfkR9bRbBykYgbqP75cv8kR/?format=pdf&lang=en
942 _cANA
999 _c328486
_d328486